A megyei tanács alkotó díjasai

Elmentve itt :
Bibliográfiai részletek
Dokumentumtípus: Cikk
Megjelent: 1984-04-04
Sorozat:Délmagyarország 74 No. 80
Kulcsszavak:Textilművek, Kincskereső, kitüntetések
Online Access:http://dmarchiv.bibl.u-szeged.hu/106745
LEADER 00431nab a2200145 i 4500
001 delm106745
005 20190905134518.0
008 190905s1984 hu o 0|| hun d
040 |a SZTE Délmagyarország Archívum  |b hun 
041 |a hun 
245 0 2 |a A megyei tanács alkotó díjasai  |h [elektronikus dokumentum] 
260 |c 1984-04-04 
300 |a 5 
490 0 |a Délmagyarország  |v 74 No. 80 
695 |a Textilművek, Kincskereső, kitüntetések